00393nam a2200121Ia 4500008004100000082001900041100002000060245002300080260003100103300001000134630001800144650010900162211109s9999||||xx |||||||||||||| ||und|| a891.433bVER-S aVerma, Mahadevi 0aSmriti Ki Rekhayen bVANI PrakasanaDelhic1978 a127p. xgeneral stack aLiterature & rhetoricvLiteratures of other languagesx East Indo-European & Celtic literaturesGeneralia